| 000 | 00712nam a2200229 a 4500 | ||
|---|---|---|---|
| 001 | 73467 | ||
| 003 | BD-RjUL | ||
| 005 | 20211209082411.0 | ||
| 008 | 170601s1953 nyua 001 0 eng | ||
| 035 | _a(BD-RjUL)73685 | ||
| 040 |
_aDLC _cSCM _dBD-RjUL _beng |
||
| 041 | _aeng | ||
| 082 |
_a543 _223 _bJAC 1953 |
||
| 100 | 1 |
_aJacobs, Morris Boris, _d1905- _9217351 |
|
| 245 | 1 | 0 |
_aChemical analysis of industrial solvents / _cMorris B. Jacobs and Leopold Scheflan. |
| 260 |
_aNew York : _bInterscience Publishers, _cc1953. |
||
| 300 |
_a501 p. : _bill. ; _c24 cm. |
||
| 490 | 0 |
_aChemical analysis, _vv. 7 |
|
| 650 |
_aChemistry, analytic _9217355 |
||
| 700 | 1 |
_aScheflan, Leopold, _d1902- _9217353 |
|
| 942 |
_2ddc _cBK |
||
| 999 |
_c73467 _d73467 |
||